The Organization and Administration of Physical Education / (Record no. 39712)
[ view plain ]
| 000 -LEADER | |
|---|---|
| fixed length control field | 00795nam a2200277Ia 4500 |
| 001 - CONTROL NUMBER | |
| control field | 39740 |
| 005 - DATE AND TIME OF LATEST TRANSACTION | |
| control field | 20240114002105.0 |
| 007 - PHYSICAL DESCRIPTION FIXED FIELD--GENERAL INFORMATION | |
| fixed length control field | ta |
| 008 - FIXED-LENGTH DATA ELEMENTS--GENERAL INFORMATION | |
| fixed length control field | 070907s 196 a g b000 u 465 u |
| 040 ## - CATALOGING SOURCE | |
| Original cataloging agency | Cotton College Assam |
| 041 ## - LANGUAGE CODE | |
| Language code of text/sound track or separate title | 465 |
| 082 ## - DEWEY DECIMAL CLASSIFICATION NUMBER | |
| Classification number | 371.71 |
| Item number | Vo 889 Or |
| 100 ## - MAIN ENTRY--PERSONAL NAME | |
| Personal name | Voltmer , Edward F. . |
| 245 #0 - TITLE STATEMENT | |
| Title | The Organization and Administration of Physical Education / |
| Statement of responsibility, etc. | Edward F.Voltmer & A.A.Esslinger. |
| Medium | Textual Documents |
| 250 ## - EDITION STATEMENT | |
| Edition statement | 1st ed / |
| 260 ## - PUBLICATION, DISTRIBUTION, ETC. | |
| Place of publication, distribution, etc. | Bombay : |
| Name of publisher, distributor, etc. | The Times of ndia Press , |
| Date of publication, distribution, etc. | © 1964. |
| 300 ## - PHYSICAL DESCRIPTION | |
| Extent | xi,558p. : |
| Other physical details | ill ; |
| Dimensions | 22cm . |
| 500 ## - GENERAL NOTE | |
| General note | Replaced 47133 |
| 504 ## - BIBLIOGRAPHY, ETC. NOTE | |
| Bibliography, etc. note | Index |
| 653 ## - INDEX TERM--UNCONTROLLED | |
| Uncontrolled term | Physical Education |
| 653 ## - INDEX TERM--UNCONTROLLED | |
| Uncontrolled term | G-Education |
| 700 ## - ADDED ENTRY--PERSONAL NAME | |
| Personal name | Esslinger, A.A. . |
| 942 ## - ADDED ENTRY ELEMENTS (KOHA) | |
| Source of classification or shelving scheme | Dewey Decimal Classification |
| Koha item type | Books |
| Withdrawn status | Lost status | Damaged status | Not for loan | Collection | Home library | Current library | Date acquired | Coded location qualifier | Total checkouts | Full call number | Barcode | Date last seen | Copy number | Price effective from | Koha item type |
|---|---|---|---|---|---|---|---|---|---|---|---|---|---|---|---|
| Dr. Suryya Kumar Bhuyan Library | Dr. Suryya Kumar Bhuyan Library | 01/02/2012 | 00000 | 371.71 Vo 889 Or | 47133/Rep | 14/01/2024 | 1 | 01/02/2012 | Books |
